The Effects of Inflation on Certain Socio-economic Indicators as They Pertain to Slovak Consumers

Gespeichert in:
Bibliographische Detailangaben
1. Verfasser: Bango, Adrián, 1998-
Format: Buchkapitel
Sprache:Englisch
Schlagworte:
Tags: Tag hinzufügen
Keine Tags, Fügen Sie das erste Tag hinzu!

MARC

LEADER 00000naa a2200000 4500
001 0292002
005 20240502074500.1
041 0 |a eng 
044 |a SK 
245 1 0 |a The Effects of Inflation on Certain Socio-economic Indicators as They Pertain to Slovak Consumers  |c Adrián Bango 
500 |a Abstrakt 
610 2 0 |a inflácia 
610 2 0 |a spotrebitelia 
610 2 0 |a nezamestnanosť 
610 2 0 |a príjmy 
610 2 0 |a výdavky 
100 1 |a Bango, Adrián, 1998-